Antología de la poesía malagueña contemporánea (Record no. 24842)

MARC details
000 -LEADER
campo de control de longitud fija 00593nam a2200181 i 4500
001 - NÚMERO DE CONTROL
campo de control 24842
003 - IDENTIFICADOR DE NÚMERO DE CONTROL
campo de control ES-MaACL
007 - CAMPO FIJO DE DESCRIPCIÓN FÍSICA--INFORMACIÓN GENERAL
campo de control de longitud fija t|
008 - DATOS DE LONGITUD FIJA--INFORMACIÓN GENERAL
campo de control de longitud fija 021219s1975 sp ||||1| spa d
245 00 - MENCIÓN DEL TÍTULO
Título Antología de la poesía malagueña contemporánea
Resto del título : primera selección de poetas /
Mención de responsabilidad, etc. Francisco Peralto.
260 ## - PUBLICACIÓN, DISTRIBUCIÓN, ETC.
Lugar de publicación, distribución, etc. Málaga :
Nombre del editor, distribuidor, etc. [s.n.,
Fecha de publicación, distribución, etc. 1975] (
Fabricante Imp. M. López)
300 ## - DESCRIPCIÓN FÍSICA
Extensión 336 p. :
Otras características físicas grab. retr. aut. ;
Dimensiones 23 cm.
490 1# - MENCIÓN DE SERIE
Mención de serie Peñaverde ;
Designación de volumen o secuencia 4
700 1# - ENTRADA AGREGADA--NOMBRE PERSONAL
Nombre de persona Peralto, Francisco.
9 (RLIN) 90394
830 0# - PUNTO DE ACCESO ADICIONAL DE SERIE-TÍTULO UNIFORME
Título uniforme Peñaverde ;
Designación de volumen o secuencia 4
9 (RLIN) 229106
852 ## - LOCALIZACIÓN
Ubicación ES-MaACL
Número de control de estantería E-9001
Sublocalización o colección R.93476
Holdings
Estatus retirado Estado de pérdida Estado de daño No para préstamo Biblioteca de origen Biblioteca actual Ubicación en estantería Fecha de adquisición Fuente de adquisición Total de préstamos Signatura topográfica completa Código de barras Visto por última vez Precio de reemplazo Tipo de ítem Koha
        Biblioteca del Ateneo de Madrid Biblioteca del Ateneo de Madrid Depósito 2 17/01/2008     E-9001 1025611 23/02/2023 23/02/2023 Libro impreso